[Event "IV Open RGCC 2018"]
[Site "Gijon"]
[Date "2018.07.26"]
[Round "5"]
[White "Quesada Perez, Yasser"]
[Black "Valenzuela Gomez, Fernando"]
[Result "1-0"]
[WhiteElo "2531"]
[BlackElo "2389"]
[Annotator "RC"]
[PlyCount "77"]
[EventDate "2018.07.24"]
[EventType "swiss"]
[EventCountry "ESP"]
[SourceTitle "playchess.com"]
[Source "ChessBase"]
[SourceQuality "1"]
[TimeControl "5400+30"]

1. e4 {[%emt 0:00:00]} c5 {[%emt 0:00:38]} 2. Nc3 {[%emt 0:00:00]} a6 {[%emt 0:00:10]} 3. g3 {[%emt 0:00:00]} g6 {[%emt 0:02:15]} 4. Bg2 {[%emt 0:00:21]} Bg7 {[%emt 0:00:17]} 5. d3 {[%emt 0:00:06]} d6 {[%emt 0:00:17]} 6. f4 {[%emt 0:00:22]} Nc6 {[%emt 0:00:06]} 7. Nf3 {[%emt 0:00:05]} Bd7 {[%emt 0:00:15]} 8. O-O {[%emt 0:00:24]} Rc8 {[%emt 0:00:16]} 9. Nd5 {[%emt 0:06:18]} Nf6 {[%emt 0:12:47]} 10. c3 {[%emt 0:01:51]} O-O {[%emt 0:00:08]} 11. f5 {[%emt 0:08:08]} Nxd5 {[%emt 0:19:47]} 12. exd5 {[%emt 0:00:07]} Ne5 {[%emt 0:00:35]} 13. Nh4 {[%emt 0:06:35]} b5 14. Be4 {[%emt 0:16:10]} Be8 {[%emt 0:17:55]} 15. Bg5 {[%emt 0:01:11]} Nd7 {[%emt 0:05:14]} 16. Qd2 {[%emt 0:09:18]} Nf6 {[%emt 0:00:05]} 17. Bf3 {[%emt 0:04:11]} Kh8 {[%emt 0:03:07]} 18. Kh1 {[%emt 0:04:10]} Qd7 {[%emt 0:02:17]} 19. g4 {[%emt 0:01:47]} Ng8 {[%emt 0:04:35]} 20. Rae1 {[%emt 0:00:21]} Be5 {[%emt 0:05:29]} 21. Be4 {[%emt 0:04:10]} Bf6 {[%emt 0:04:12]} 22. Rf3 {[%emt 0:03:04]} Kg7 {[%emt 0:01:25]} 23. Ng2 {[%emt 0:02:04]} c4 {[%emt 0:01:34]} 24. Be3 {[%emt 0:03:51]} cxd3 {[%emt 0:00:38]} 25. Rh3 {[%emt 0:00:10]} Kh8 {[%emt 0:01:37]} 26. Nf4 {[%emt 0:00:30]} Qb7 {[%emt 0:08:20]} 27. fxg6 {[%emt 0:01:39]} fxg6 {[%emt 0:00:02]} 28. Qxd3 {[%emt 0:00:18]} e5 {[%emt 0:02:54]} 29. dxe6 {[%emt 0:04:00]} Bc6 {[%emt 0:00:42]} 30. Bxc6 {[%emt 0:02:32]} Qxc6+ {[%emt 0:00:14]} 31. Kg1 {[%emt 0:00:06]} Ne7 {[%emt 0:03:07]} 32. Nxg6+ {[%emt 0:01:38]} Nxg6 {[%emt 0:00:04]} 33. Qxg6 {[%emt 0:00:08]} Rc7 {[%emt 0:00:08]} 34. Rf1 {[%emt 0:02:55]} Rg7 {[%emt 0:01:20]} 35. e7 {[%emt 0:03:31]} Rff7 {[%emt 0:02:20]} 36. Rxh7+ {[%emt 0:00:11]} Rxh7 {[%emt 0:00:17]} 37. Rxf6 {[%emt 0:00:04]} Rhg7 {[%emt 0:01:11]} 38. Qh5+ {[%emt 0:00:06]} Rh7 39. Qxf7 1-0

[Event "IV Open RGCC 2018"]
[Site "Gijon"]
[Date "2018.07.26"]
[Round "5"]
[White "Manolache, Marius"]
[Black "Reinaldo Castineira, Roi"]
[Result "1/2-1/2"]
[WhiteElo "2494"]
[BlackElo "2503"]
[Annotator "TA"]
[PlyCount "54"]
[EventDate "2018.07.24"]
[EventType "swiss"]
[EventCountry "ESP"]
[SourceTitle "playchess.com"]
[Source "ChessBase"]
[SourceQuality "1"]

{[%evp 20,54,0,0,0,-29,-13,-15,-14,-29,7,0,12,0,0,0,22,-21,-21,-21,-24,-24,-24,-24,-24,-25,-25,-26,-26,-26,-26,-26,-26,-26,-26,-39,-35]} 1. d4 d5 2. Nf3 Nf6 3. c4 e6 4. Nc3 dxc4 5. e3 a6 6. a4 c5 7. Bxc4 Nc6 8. O-O Be7 9. b3 O-O 10. Bb2 cxd4 11. exd4 {LiveBook: 31 Games} Na5 {D27: Queen's Gambit Accepted: Classical main line: 7 e4!? and 7 a4} (11... Nb4 12. Re1 {½-½ (12) Dgebuadze,A (2526)-Van den Doel,E (2570) Wolvega 2012}) 12. Qe2 b6 13. Ne5 Bb7 {The position is equal.} 14. Rfd1 $146 ({Predecessor:} 14. Rac1 Nxc4 15. bxc4 Qc7 16. Nb1 Nd7 {0-1 (32) Milic,B-Trifunovic,P Ljubljana 1947}) 14... Nd5 (14... Qc7 {with more complications.} 15. Rac1 Rac8 16. Bxa6 Nxb3 17. Bxb7 Qxb7 18. Rb1 Rfd8) 15. Nxd5 Bxd5 16. Bxd5 (16. Rd3 {feels hotter.} Rc8 17. Bxa6 Rc7 18. Qd1 Bd6 19. Rc1) 16... Qxd5 17. Nc4 Nxb3 18. Nxb6 Qb7 19. Nxa8 {[#] Hoping for Rab1.} Nxa1 20. d5 exd5 ({Of course not} 20... Rxa8 $6 21. dxe6 Qb3 22. exf7+ (22. Bxa1 Qxe6 23. Qxe6 fxe6 $11) 22... Qxf7 23. Bxa1 $16) 21. Nc7 Qxc7 22. Qg4 {[%csl Gb2][%cal Rg4g7]} f6 {[#] White must now prevent ...Nb3.} 23. Qe6+ Kh8 24. Bxa1 Qc2 25. Rf1 $1 Bc5 {...d4 is the strong threat.} 26. Qxd5 Re8 {( -> ...Qxf2+!)} 27. Bd4 Bxd4 1/2-1/2

[Event "IV Open RGCC 2018"]
[Site "Gijon"]
[Date "2018.07.26"]
[Round "5"]
[White "Ardelean, George-Catalin"]
[Black "Epishin, Vladimir"]
[Result "1/2-1/2"]
[WhiteElo "2475"]
[BlackElo "2541"]
[Annotator "TA"]
[PlyCount "141"]
[EventDate "2018.07.24"]
[EventType "swiss"]
[EventCountry "ESP"]
[SourceTitle "playchess.com"]
[Source "ChessBase"]
[SourceQuality "1"]

{[%evp 12,141,66,21,89,82,87,79,108,109,121,87,99,79,93,80,171,172,178,169,166,102,124,121,120,108,102,67,102,93,99,91,88,50,94,90,87,100,107,103,103,97,126,79,79,79,79,79,79,79,79,71,226,188,265,265,332,332,323,292,314,332,347,325,339,339,607,309,719,719,725,728,731,735,735,735,728,728,728,727,793,720,784,784,743,727,720,718,714,685,668,713,706,0,697,672,707,501,456,416,692,670,652,401,366,101,343,343,343,343,612,294,279,239,217,177,134,87,87,87,87,87,688,36,36,0,6,0,0,0,0,0]} 1. e4 c6 2. d4 d5 3. Nc3 g6 4. e5 Bg7 5. f4 Nh6 6. Be3 {B15: Caro-Kann: 3 Nc3: 3...g6 and 3...dxe4 4 Nxe4 Nf6 5 Nxf6+ exf6} (6. Nf3 Bg4 7. h3 Bxf3 8. Qxf3 f6 9. Be3 fxe5 10. dxe5 Rf8 11. Qe2 Qa5 12. O-O-O Nd7 13. Kb1 e6 14. Qe1 Nf5 15. Bd2 Qd8 16. Ne2 Qe7 17. g4 {1-0 (56) Andriasian,Z (2585)-Petrosian,T (2606) Yerevan 2018}) 6... f6 7. h3 {LiveBook: 10 Games} b5 (7... Qb6 $11 {keeps the balance.}) 8. Nf3 {White is better.} a5 $146 ({Predecessor:} 8... Nd7 9. Qd2 Nb6 10. b3 Bf5 11. Bd3 a5 12. g4 Bxd3 13. Qxd3 f5 {1-0 (53) Hofirek,B (2041)-Jansen,C (2261) Brno 2012}) 9. Qd2 a4 10. a3 Nd7 {[%cal Bb8d7,Bd7b6,Bb6c4][%mdl 32]} 11. Na2 Nb6 12. Nb4 Qc7 13. g4 {[%cal Bg2g4,Bg4g5][%mdl 32]} f5 (13... Nf7 $16) 14. g5 $18 Nf7 15. Qc3 Nc4 16. b3 ({White should play} 16. Be2 $18) 16... axb3 17. cxb3 Nxe3 18. Qxe3 Nd8 19. Rh2 e6 20. Qc3 Qa5 21. Rha2 Bf8 22. Kd2 {[%cal Be1d2,Bd2c3,Bc3b3][%mdl 32]} Rg8 23. Nd3 Qxc3+ 24. Kxc3 Rg7 25. h4 Rga7 {[%cal Ra7a3]} 26. b4 h5 27. Kb3 Kd7 28. Nc5+ Kc7 29. Be2 Nb7 30. Nd2 Kd8 31. Rc1 Nxc5+ $2 (31... Bd7 $16 {might work better.}) 32. dxc5 Bd7 (32... Be7 $142 33. Nf3 Bd7) 33. Kb2 Be8 34. Nf3 Bd7 35. Nd4 Ra6 36. Bd1 Kc7 37. Bb3 Be7 38. Rca1 Bf8 $2 (38... Rb8 39. a4 bxa4 40. Rxa4 Rxa4 41. Rxa4 Bf8) 39. Kc3 Be7 $2 (39... R6a7 40. a4 bxa4) 40. a4 bxa4 41. Rxa4 Rxa4 42. Rxa4 Rxa4 43. Bxa4 {[%mdl 4096] Endgame KBB-KBN} Kb7 44. Bd1 Bf8 45. Be2 Kc7 46. Kb3 Kb7 47. Ka4 Be7 48. Bd3 Kc7 49. Ka5 Kb7 50. Ba6+ Kc7 51. Be2 Kb7 52. Ba6+ Kc7 53. Ka4 Bf8 54. Kb3 Be7 55. Kc3 Bf8 (55... Kb8 $142 56. Kb3 Kc7) 56. Nb3 Be7 57. Kd4 Kb8 58. Na5 $2 (58. Bd3 $18 {is more deadly.} Kc8 59. Kc3) 58... Kc7 $2 (58... Bd8 $16) 59. Be2 Bf8 60. Nb3 Kb7 $2 (60... Be7 61. Ke3 Bc8) 61. Nc1 (61. Kc3 $142 Kc7 62. b5 $1 {[%mdl 512]} cxb5 63. Kb4) 61... Be7 62. Na2 Kc7 63. Nc3 Bf8 64. Ba6 Be7 65. Na4 Bf8 66. Nb6 Be7 $2 {[%mdl 8192] [#]} (66... Be8 $16) 67. Nxd7 $2 (67. b5 $1 $18 {[%mdl 512]} cxb5 68. Nxd7 Kxd7 69. Bxb5+ Kd8 70. Bc6) 67... Kxd7 $14 68. b5 {With the idea b6.} Kc7 $1 {The position is equal.} 69. b6+ Kb8 70. Be2 Kb7 71. Bd3 {Precision: White = 55%, Black = 28%.} 1/2-1/2

[Event "IV Open RGCC 2018"]
[Site "Gijon"]
[Date "2018.07.26"]
[Round "5"]
[White "Murshed, Niaz"]
[Black "Martinez Duany, Lelys Stanley"]
[Result "1/2-1/2"]
[WhiteElo "2403"]
[BlackElo "2528"]
[Annotator "TA"]
[PlyCount "54"]
[EventDate "2018.07.24"]
[EventType "swiss"]
[EventCountry "ESP"]
[SourceTitle "playchess.com"]
[Source "ChessBase"]
[SourceQuality "1"]

{[%evp 18,54,58,56,54,58,61,54,63,55,55,55,53,55,55,51,51,49,56,55,55,52,52,55,54,55,61,55,50,50,43,45,48,30,45,0,53,0,30]} 1. d4 Nf6 2. c4 g6 3. Nc3 Bg7 4. e4 d6 5. Be2 O-O 6. Bg5 c6 7. Qd2 e5 8. d5 cxd5 {E73: Königsindisch (Awerbach-Angriff)} (8... Na6 9. h4 cxd5 10. cxd5 Qe8 11. f3 Bd7 12. Nh3 Nc5 13. g4 h5 14. Nf2 hxg4 15. fxg4 Rc8 16. Be3 Nh7 17. Nd3 Nxd3+ 18. Qxd3 {1-0 (41) Ivanchuk,V (2730)-Topalov,V (2750) Yerevan 1996 CBM 055 [Chekhov,V]}) 9. cxd5 Nbd7 10. f3 {LiveBook: 5 Partien} Nc5 {Weiß steht etwas besser.} 11. b4 Ncd7 12. Nh3 $146 ({Vorgänger:} 12. Rc1 a6 13. Nh3 Nb6 14. Nf2 Bd7 15. O-O Rc8 16. Nb1 Na4 17. Qe3 Rxc1 18. Rxc1 {1-0 (52) Batsiashvili,N (2442)-Liang,A (2266) Doha 2014}) 12... a5 13. bxa5 Nc5 14. Nf2 Bd7 15. a6 bxa6 16. O-O Qa5 17. Rfc1 Rfc8 18. Be3 Ne8 19. Nd3 Nxd3 20. Bxd3 Bf6 21. Rab1 {[#] Droht Lb6 und aus.} Rab8 22. Rxb8 Rxb8 23. Rb1 Rxb1+ 24. Nxb1 Qa4 25. Nc3 Qa3 26. Nb1 Qa4 27. Nc3 Qa3 {Precision: Weiß = 71%, Schwarz = 97%.} 1/2-1/2

[Event "IV Open RGCC 2018"]
[Site "Gijon"]
[Date "2018.07.26"]
[Round "5"]
[White "Lopez Rivera, Jesus"]
[Black "Cori Quispe, Kevin Joel"]
[Result "0-1"]
[WhiteElo "2330"]
[BlackElo "2487"]
[Annotator "RC"]
[PlyCount "96"]
[EventDate "2018.07.24"]
[EventType "swiss"]
[EventCountry "ESP"]
[SourceTitle "playchess.com"]
[Source "ChessBase"]
[SourceQuality "1"]
[TimeControl "5400+30"]

1. e4 e5 2. Nf3 Nc6 3. Bb5 a6 4. Ba4 Nf6 5. d4 exd4 6. O-O Be7 7. Re1 b5 8. Bb3 O-O 9. e5 Ne8 10. Bd5 Rb8 11. Bxc6 dxc6 12. Nxd4 Qd7 13. Be3 c5 14. Nb3 Qc6 15. Qf3 Qxf3 16. gxf3 f6 17. e6 c4 18. Bc5 Bd6 19. Bxd6 Nxd6 20. Nc5 Re8 21. Nc3 Rb6 22. b4 cxb3 23. cxb3 Rc6 24. b4 Nc4 25. Re2 Bxe6 26. Rae1 Ne5 27. Kg2 Kf7 28. Kg3 Bc4 29. Re3 Re7 30. a3 Ng6 31. f4 a5 32. h4 axb4 33. axb4 h5 34. Ra1 Rd6 35. N3e4 Rd4 36. Rae1 Bd5 37. Nc3 c6 38. N3e4 Bxe4 39. Nxe4 Ra7 40. Rc1 Ne7 41. Kf3 Nf5 42. Rxc6 Nxe3 43. fxe3 Rxb4 44. Nd6+ Kg6 45. Rb6 Ra5 46. f5+ Kh7 47. e4 Ra3+ 48. Kf4 Rbb3 0-1

[Event "IV Open RGCC 2018"]
[Site "Gijon"]
[Date "2018.07.27"]
[Round "6"]
[White "Epishin, Vladimir"]
[Black "Rodriguez Lopez, Rafael"]
[Result "1-0"]
[WhiteElo "2541"]
[BlackElo "2312"]
[Annotator "ChessBase"]
[PlyCount "73"]
[EventDate "2018.07.24"]
[EventType "swiss"]
[EventCountry "ESP"]
[SourceTitle "playchess.com"]
[Source "ChessBase"]
[SourceQuality "1"]
[TimeControl "5400+30"]

1. d4 {[%emt 0:00:00]} Nf6 {[%emt 0:00:05]} 2. c4 {[%emt 0:02:19]} g6 {[%emt 0:00:08]} 3. Nc3 {[%emt 0:00:18]} d5 {[%emt 0:00:05]} 4. cxd5 {[%emt 0:00:09]} Nxd5 {[%emt 0:00:05]} 5. Bd2 {[%emt 0:00:04]} Bg7 {[%emt 0:00:13]} 6. Nf3 {[%emt 0:00:06]} O-O {[%emt 0:00:13]} 7. Rc1 {[%emt 0:00:39]} Nb6 {[%emt 0:00:09]} 8. Bf4 {[%emt 0:02:17]} c5 {[%emt 0:00:37]} 9. dxc5 {[%emt 0:01:23]} Bxc3+ {[%emt 0:00:14]} 10. bxc3 {[%emt 0:01:28]} Qxd1+ {[%emt 0:00:13]} 11. Kxd1 {[%emt 0:01:25]} Na4 {[%emt 0:01:37]} 12. Nd2 {[%emt 0:00:03]} Nxc5 {[%emt 0:01:48]} 13. e4 {[%emt 0:00:16]} Rd8 {[%emt 0:02:30]} 14. f3 {[%emt 0:02:09]} Nd3 {[%emt 0:01:26]} 15. Bxd3 {[%emt 0:00:05]} Rxd3 {[%emt 0:00:05]} 16. Kc2 {[%emt 0:00:25]} Rd8 {[%emt 0:00:37]} 17. Nb3 {[%emt 0:00:45]} Nc6 {[%emt 0:01:03]} 18. Rhd1 {[%emt 0:00:05]} Be6 {[%emt 0:00:18]} 19. Nc5 {[%emt 0:01:27]} Bxa2 {[%emt 0:01:23]} 20. Nxb7 {[%emt 0:00:11]} Rxd1 {[%emt 0:00:41]} 21. Rxd1 {[%emt 0:00:09]} a5 {[%emt 0:02:43]} 22. Ra1 {[%emt 0:02:31]} Bc4 {[%emt 0:00:23]} 23. Nc5 {[%emt 0:00:03]} e5 {[%emt 0:01:21]} 24. Be3 {[%emt 0:02:18]} f6 {[%emt 0:00:53]} 25. Nd7 {[%emt 0:04:43]} a4 {[%emt 0:01:58]} 26. Nxf6+ {[%emt 0:00:29]} Kg7 {[%emt 0:00:26]} 27. Nd7 {[%emt 0:03:25]} Bb3+ {[%emt 0:00:38]} 28. Kb2 {[%emt 0:04:43]} Rd8 {[%emt 0:00:32]} 29. Nb6 {[%emt 0:00:57]} Rd3 {[%emt 0:02:01]} 30. Bc1 {[%emt 0:09:16]} Rd1 {[%emt 0:00:08]} 31. Nxa4 {[%emt 0:00:44]} Bxa4 {[%emt 0:00:25]} 32. Rxa4 {[%emt 0:00:02]} Rg1 {[%emt 0:00:11]} 33. g4 {[%emt 0:01:28]} Rf1 {[%emt 0:01:11]} 34. Ra6 {[%emt 0:02:25]} Nd8 {[%emt 0:00:05]} 35. Bg5 {[%emt 0:00:35]} Nf7 {[%emt 0:00:10]} 36. Bf6+ {[%emt 0:00:35]} Kh6 {[%emt 0:00:28]} 37. Ra7 {[%emt 0:00:21]} 1-0

[Event "IV Open RGCC 2018"]
[Site "Gijon"]
[Date "2018.07.27"]
[Round "6"]
[White "Reinaldo Castineira, Roi"]
[Black "Kaganskiy, Gleb"]
[Result "0-1"]
[WhiteElo "2503"]
[BlackElo "2278"]
[Annotator "TA"]
[PlyCount "112"]
[EventDate "2018.07.24"]
[EventType "swiss"]
[EventCountry "ESP"]
[SourceTitle "playchess.com"]
[Source "ChessBase"]
[SourceQuality "1"]

{[%evp 16,112,30,14,22,23,23,26,31,25,23,30,32,41,45,-3,0,-22,-16,-18,-18,-26,8,8,8,8,8,8,8,0,0,-14,-11,-54,-50,-52,-47,-60,-52,-56,-55,-53,-54,-76,-68,-91,-83,-121,-120,-132,-92,-152,-133,-240,-227,-207,-188,-255,-247,-255,-259,-241,-241,-318,-322,-323,-312,-309,-309,-312,-309,-406,-403,-407,-406,-470,-470,-470,-470,-546,-526,-752,-863,-8132,-5835,-5518,-4439,-29967,-29969,-29974,-4822,-5431,-1601,-6199,-5410,-2312,-1226,-29981,-29982]} 1. e4 c6 2. d4 d5 3. e5 c5 4. dxc5 e6 5. Nf3 Bxc5 6. Bd3 {B12: Caro-Kann (Vorstoß-Variante)} (6. a3 Nd7 7. Bd3 f6 8. b4 Be7 9. Bb2 fxe5 10. Nxe5 Nxe5 11. Bxe5 Bf6 12. O-O Nh6 13. Bxf6 Qxf6 {1-0 (70) Jakovenko,D (2735)-Fedoseev,V (2706) Poikovsky 2018}) 6... Ne7 {[%cal Bg8e7,Be7g6,Bg6f4][%mdl 32]} 7. O-O Nbc6 8. a3 Ng6 9. Re1 {LiveBook: 7 Partien} O-O 10. b4 Bb6 11. Bb2 f6 12. exf6 gxf6 13. c4 $146 Nf4 14. Bf1 dxc4 15. Qxd8 Rxd8 16. Bxc4 Kg7 17. Nc3 {[%cal Bb1c3,Bc3a4,Ba4c5,Bc5e4][%mdl 32]} e5 18. Na4 Bc7 19. Nc5 b6 20. Ne4 {Schwarz muss nun Tac1 beachten.} Bb7 21. Rac1 {Droht stark Lb5.} Rac8 22. Nh4 Ne7 23. Ng3 Bb8 24. Nhf5+ Nxf5 25. Nxf5+ Kf8 26. Bf1 Nd3 27. Bxd3 Rxd3 28. Rcd1 Rcd8 29. Rxd3 Rxd3 30. h3 Kf7 31. Ne3 Ke6 32. g4 Rd8 33. Rc1 {[#]} (33. Bc3 $142) 33... h5 $1 $17 {[%mdl 512]} 34. Re1 (34. Kf1 $17 {ist eine bessere Verteidigung.}) (34. gxh5 Rh8) 34... hxg4 $19 35. Nxg4 Bf3 36. Nh2 (36. Kf1 $142) 36... Rg8+ 37. Kf1 Bg2+ 38. Ke2 Bxh3 39. Rc1 e4 40. Nf1 Rg1 41. Ne3 Rxc1 42. Bxc1 {[%mdl 4096] Endspiel KLL-KLS} f5 {[%cal Bf6f5,Bf5f4][%mdl 32]} 43. f3 f4 44. Nc2 Kd5 45. b5 e3 46. Nb4+ Kc4 47. Nc6 Bd6 48. a4 Bf5 49. Bxe3 fxe3 50. Kxe3 Bc2 51. Nxa7 Bxa4 52. Ke4 Bc2+ (52... Bxb5 $142 53. f4 Bd7 54. f5 b5 55. Nxb5 Bxb5 56. Kf3 Kd4 57. f6 Be8 58. f7 Bxf7 59. Kg4 Ke4 60. Kg5 Bd5 61. Kg4 Be6+ 62. Kh5 Kf5 63. Kh4 Kf4 64. Kh5 Bf7+ 65. Kh6 Bf8+ 66. Kh7 Kg5 67. Kh8 Kf6 68. Kh7 Be6 69. Kh8 Kf7 70. Kh7 Bf5+ 71. Kh8 Bg7#) 53. Ke3 Kc5 (53... Bf5 $142 54. Nc6 Bd7) 54. f4 Bf5 55. Nc6 Bd7 56. Na7 Bb8 {Precision: Weiß = 39%, Schwarz = 74%.} 0-1

[Event "IV Open RGCC 2018"]
[Site "Gijon"]
[Date "2018.07.27"]
[Round "6"]
[White "Manolache, Marius"]
[Black "Martinez Alcantara, Jose Eduardo"]
[Result "1/2-1/2"]
[WhiteElo "2494"]
[BlackElo "2545"]
[Annotator "TA"]
[PlyCount "72"]
[EventDate "2018.07.24"]
[EventType "swiss"]
[EventCountry "ESP"]
[SourceTitle "playchess.com"]
[Source "ChessBase"]
[SourceQuality "1"]

{[%evp 18,72,0,-26,0,-3,-6,-31,-18,-12,-23,-50,-8,-66,-75,-78,-70,-81,-79,-81,-44,-32,-39,-47,-48,-34,-31,-39,-36,-40,-18,-21,0,-9,0,0,0,0,0,0,0,-8,0,0,0,0,0,0,16,17,25,14,17,12,13,8,8]} 1. d4 Nf6 2. Nf3 g6 3. Nc3 d5 4. Bf4 Bg7 5. e3 O-O 6. Be2 c5 7. O-O cxd4 8. exd4 Bg4 {D00: 1 d4 d5: Unusual lines} 9. Ne5 (9. h3 Bxf3 10. Bxf3 Nc6 11. Ne2 b5 12. c3 e6 13. a3 a5 14. Nc1 b4 15. a4 Ne4 16. Bxe4 dxe4 {½-½ (85) Carlsen,M (2837)-Ding,L (2774) Saint Louis 2017}) 9... Bxe2 10. Qxe2 {LiveBook: 3 Games} Qb6 {Black has an edge.} 11. Rfd1 Rc8 $146 ({Predecessor:} 11... e6 12. Na4 Qa6 13. Qxa6 Nxa6 14. h3 Rfc8 15. Rac1 Ne4 16. f3 {1-0 (36) Tregubov,P (2571)-Piscopo,P (2264) Calvi 2014}) 12. Rd3 e6 13. Re1 Nbd7 14. Rf3 Nxe5 ({Of course not} 14... Qxd4 $6 {[#]} 15. Nxf7 $1 {[%mdl 512]} Qc4 16. Nh6+ (16. Qxe6 d4 $14) 16... Kh8 17. Nf7+ (17. Qxe6 d4 $11) 17... Kg8 18. Nh6+ (18. Qxe6 d4 $11) 18... Kh8 19. Nf7+ (19. Qxe6 d4 $11) 19... Kg8 $14) 15. dxe5 ({White should try} 15. Bxe5 $11 Ne8 16. Nd1) 15... Nd7 $15 16. Nb5 Rc4 17. Nd6 {[#]} Rxf4 $1 {[%mdl 512]} 18. Rxf4 Nxe5 19. Nxf7 $1 ({Wrong is} 19. Nb5 $2 a6 $17) 19... Nxf7 20. Qxe6 Qxe6 21. Rxe6 Rc8 22. c3 {[#]} d4 $1 {[%mdl 512]} 23. Re7 (23. cxd4 Rc1+) 23... Nd6 24. Rd7 Nf5 25. g3 {[%cal Rc3d4]} dxc3 26. bxc3 Bxc3 27. Rxb7 Bd4 28. Rd7 Bb6 29. Re4 Ng7 (29... Rf8 {is interesting.} 30. Re2 Rf7 31. Red2 Kf8 32. g4 Ne7) 30. Re2 Rf8 31. Kg2 Nh5 32. Rb7 Nf6 33. Ree7 Rd8 34. Rg7+ Kh8 {The position is equal.} 35. Rgf7 Bd4 36. h3 Rc8 {Precision: White = 58%, Black = 60%.} 1/2-1/2

[Event "IV Open RGCC 2018"]
[Site "Gijon"]
[Date "2018.07.27"]
[Round "6"]
[White "Cori Quispe, Kevin Joel"]
[Black "Quesada Perez, Yasser"]
[Result "1/2-1/2"]
[WhiteElo "2487"]
[BlackElo "2531"]
[Annotator "RC"]
[PlyCount "116"]
[EventDate "2018.07.24"]
[EventType "swiss"]
[EventCountry "ESP"]
[SourceTitle "playchess.com"]
[Source "ChessBase"]
[SourceQuality "1"]
[TimeControl "5400+30"]

1. e4 {[%emt 0:00:00]} c5 {[%emt 0:00:05]} 2. Nf3 {[%emt 0:00:00]} e6 {[%emt 0:00:02]} 3. d4 {[%emt 0:00:00]} cxd4 {[%emt 0:00:04]} 4. Nxd4 {[%emt 0:00:05]} Nc6 {[%emt 0:00:05]} 5. Nc3 {[%emt 0:00:11]} Qc7 {[%emt 0:00:03]} 6. Be3 {[%emt 0:00:57]} a6 {[%emt 0:00:05]} 7. Be2 {[%emt 0:00:11]} Nf6 {[%emt 0:00:13]} 8. O-O {[%emt 0:00:19]} Be7 {[%emt 0:00:06]} 9. f4 {[%emt 0:01:11]} d6 {[%emt 0:00:05]} 10. a4 {[%emt 0:00:09]} O-O {[%emt 0:00:41]} 11. Bf3 {[%emt 0:01:13]} Nxd4 {[%emt 0:05:53]} 12. Qxd4 {[%emt 0:00:16]} e5 {[%emt 0:00:05]} 13. Qd2 {[%emt 0:04:29]} exf4 {[%emt 0:00:22]} 14. Bxf4 {[%emt 0:00:06]} Be6 {[%emt 0:00:08]} 15. Rfd1 {[%emt 0:02:20]} Rfd8 {[%emt 0:01:25]} 16. a5 {[%emt 0:02:49]} Rac8 {[%emt 0:06:21]} 17. Kh1 {[%emt 0:03:30]} h6 {[%emt 0:10:18]} 18. h3 {[%emt 0:02:11]} Nd7 {[%emt 0:08:38]} 19. Bg4 {[%emt 0:37:51]} Nf6 {[%emt 0:13:30]} 20. Be2 {[%emt 0:00:19]} Nh7 {[%emt 0:19:06]} 21. Be3 {[%emt 0:02:49]} Bg5 {[%emt 0:01:27]} 22. Ra4 {[%emt 0:01:49]} Bxe3 {[%emt 0:01:18]} 23. Qxe3 {[%emt 0:00:05]} Nf6 {[%emt 0:01:38]} 24. Rb4 {[%emt 0:06:57]} Nd7 {[%emt 0:04:49]} 25. Qd4 {[%emt 0:04:35]} Ne5 {[%emt 0:09:27]} 26. Rb6 {[%emt 0:03:26]} Nc6 {[%emt 0:00:18]} 27. Qa4 {[%emt 0:00:10]} Rd7 {[%emt 0:00:10]} 28. Rd2 {[%emt 0:04:25]} Ne5 {[%emt 0:00:30]} 29. Qb4 {[%emt 0:04:51]} Rcd8 {[%emt 0:00:08]} 30. Na4 {[%emt 0:02:09]} Bc4 {[%emt 0:02:17]} 31. b3 {[%emt 0:01:31]} Be6 {[%emt 0:03:26]} 32. c4 {[%emt 0:00:41]} Nc6 {[%emt 0:00:37]} 33. Qc3 {[%emt 0:03:04]} Ne7 {[%emt 0:00:09]} 34. Rd3 {[%emt 0:03:24]} Kh8 {[%emt 0:00:04]} 35. Qd2 {[%emt 0:04:18]} Nc8 {[%emt 0:00:40]} 36. Bf3 {[%emt 0:00:17]} f6 {[%emt 0:04:43]} 37. e5 {[%emt 0:01:37]} dxe5 {[%emt 0:00:05]} 38. Rxb7 {[%emt 0:00:07]} Qxb7 {[%emt 0:00:06]} 39. Bxb7 {[%emt 0:00:05]} Rxd3 {[%emt 0:00:02]} 40. Qb4 {[%emt 0:00:45]} Nd6 {[%emt 0:01:23]} 41. Bc6 {[%emt 0:00:32]} Nf5 {[%emt 0:01:49]} 42. Nc5 {[%emt 0:00:18]} Rd1+ {[%emt 0:00:03]} 43. Kh2 {[%emt 0:00:03]} Bg8 {[%emt 0:07:00]} 44. Bf3 {[%emt 0:02:20]} Rc1 {[%emt 0:00:25]} 45. Qa3 {[%emt 0:01:01]} Re1 {[%emt 0:00:27]} 46. Qb4 {[%emt 0:00:49]} Rc1 {[%emt 0:00:04]} 47. Ne4 {[%emt 0:01:39]} Nd4 {[%emt 0:00:26]} 48. Nd6 {[%emt 0:00:39]} f5 {[%emt 0:02:29]} 49. Bd5 {[%emt 0:00:43]} f4 {[%emt 0:00:34]} 50. Bxg8 {[%emt 0:00:54]} Kxg8 {[%emt 0:00:35]} 51. Qb7 {[%emt 0:00:40]} Rf8 {[%emt 0:00:36]} 52. Qd5+ {[%emt 0:00:06]} Kh7 {[%emt 0:00:01]} 53. Qxe5 {[%emt 0:00:56]} f3 {[%emt 0:00:00]} 54. Qe4+ {[%emt 0:00:05]} Kg8 {[%emt 0:00:09]} 55. Qd5+ {[%emt 0:00:48]} Kh7 {[%emt 0:00:01]} 56. Qe4+ {[%emt 0:00:40]} Kg8 {[%emt 0:00:38]} 57. Qd5+ {[%emt 0:00:27]} Kh7 {[%emt 0:00:11]} 58. Qe4+ {[%emt 0:00:27]} Kg8 {[%emt 0:01:28]} 1/2-1/2